| 000 | 00828nam a2200217 i 4500 | ||
|---|---|---|---|
| 001 | 69444 | ||
| 003 | ES-MaACL | ||
| 005 | 20230906170524.0 | ||
| 007 | t| | ||
| 008 | 040706s1965 it ||||1| spa d | ||
| 100 | 1 |
_aGarcía Cantero, Gabriel. _954335 |
|
| 245 | 1 | 3 |
_aEl concubinato en el derecho civil francés / _cGabriel García Cantero ; con un prólogo de Ignacio Serrano. |
| 260 |
_aRoma : _bConsejo Superior de Investigaciones Científicas, Instituto Jurídico Español, _c1965. |
||
| 300 |
_aXVII, 212 p. ; _c25 cm. |
||
| 490 | 1 |
_aCuadernos del Instituto Jurídico Español ; _v8 |
|
| 700 | 1 |
_aSerrano, Ignacio. _9105697 |
|
| 710 | 2 |
_aInstituto Jurídico Español. _9183273 |
|
| 830 | 0 |
_aCuadernos del Instituto Jurídico Español ; _v8 _9183274 |
|
| 852 |
_aES-MaACL _jC-28974 _bR.58327 |
||
| 999 |
_c69444 _d69444 |
||